000 00618nam a2200205 4500
010 _a469099
035 _a469099
037 _bCen Lib / Ret
040 _aDPL
_bEN
082 _a342.54
_bGLE
100 _aGledhill, Alan
245 _aThe Republic of India :
_bthe development of its laws and constitution /
_cby Alan Gledhill
250 _a2nd ed
260 _aLondon
_bStevens & Sons
_c1964
270 _a11 New Fetter Lane
_bLondon
300 _axi, 389p
_b24cm
650 _aConstitutional law -- India.
650 _aConstitutional history -- India.
942 _2ddc
_cEN
_h342.54
_mGLE
999 _c136550
_d136550